| 000 | 01250nam a2200337Ia 4500 | ||
|---|---|---|---|
| 001 | ebr10698808 | ||
| 003 | CaPaEBR | ||
| 006 | m o u | ||
| 007 | cr cn||||||||| | ||
| 008 | 060223s2006 cc a sb 000 0 eng d | ||
| 010 | _z 2007272346 | ||
| 020 | _z7302108072 | ||
| 020 | _z9787302108078 | ||
| 020 | _z9789812566270 | ||
| 020 | _z9789812700858 | ||
| 020 | _z9812566279 | ||
| 040 |
_aCaPaEBR _cCaPaEBR |
||
| 035 | _a(OCoLC)823170661 | ||
| 050 | 1 | 4 |
_aR857.M3 _bI69 2006eb |
| 245 | 0 | 0 |
_aIntroduction to biomaterials _h[electronic resource] / _cDonglu Shi, editor. |
| 260 |
_aBeijing, China : _bTsinghua University Press ; _aHackensack, NJ : _bWorld Scientific, _cc2006. |
||
| 300 |
_axiii, 253 p. : _bill. |
||
| 504 | _aIncludes bibliographical references. | ||
| 533 |
_aElectronic reproduction. _bPalo Alto, Calif. : _cebrary, _d2013. _nAvailable via World Wide Web. _nAccess may be limited to ebrary affiliated libraries. |
||
| 650 | 0 | _aBiomedical materials. | |
| 650 | 0 | _aBiomedical engineering. | |
| 655 | 7 |
_aElectronic books. _2local |
|
| 700 | 1 | _aShi, Donglu. | |
| 710 | 2 | _aebrary, Inc. | |
| 856 | 4 | 0 |
_uhttp://site.ebrary.com/lib/rucke/Doc?id=10698808 _zAn electronic book accessible through the World Wide Web; click to view |
| 999 |
_c6059 _d6059 |
||